El Retorno a la Comunidad: (Registro nro. 4629)

Detalles MARC
000 -LEADER
fixed length control field 01077nam a2200265Ia 4500
003 - CONTROL NUMBER IDENTIFIER
control field OSt
005 - DATE AND TIME OF LATEST TRANSACTION
control field 20200826142257.0
008 - FIXED-LENGTH DATA ELEMENTS--GENERAL INFORMATION
fixed length control field 191128s2013 ck gr 000 0 spa d
020 ## - INTERNATIONAL STANDARD BOOK NUMBER
International Standard Book Number 9789589482759
040 ## - CATALOGING SOURCE
Original cataloging agency Co-JMCR
Transcribing agency Co-JMCR
041 0# - LANGUAGE CODE
Language code of text/sound track or separate title spa
082 04 - DEWEY DECIMAL CLASSIFICATION NUMBER
Classification number 370.115 /
Item number T693r
Edition number 23
100 1# - MAIN ENTRY--PERSONAL NAME
Personal name Torres Carrillo, Alfonso,
Relator term autor
9 (RLIN) 9287
245 13 - TITLE STATEMENT
Title El Retorno a la Comunidad:
Remainder of title problemas, debates y desafíos de vivir juntos /
Statement of responsibility, etc. Alfonso Torres Carrillo
250 ## - EDITION STATEMENT
Edition statement Primera edición
260 ## - PUBLICATION, DISTRIBUTION, ETC.
Place of publication, distribution, etc. Bogotá :
Name of publisher, distributor, etc. Fundación Centro Internacional de Educación Humano, Editorial Búho,
Date of publication, distribution, etc. 2013.
300 ## - PHYSICAL DESCRIPTION
Extent 237 páginas ;
Dimensions 22 cm.
490 0# - SERIES STATEMENT
Series statement Colección niñez, juventud y familia
504 ## - BIBLIOGRAPHY, ETC. NOTE
Bibliography, etc. note Bibliografía : páginas 225-237.
505 0# - FORMATTED CONTENTS NOTE
Formatted contents note La comunidad como campo problemático -- La comunidad en la tradición sociológica moderna -- La crítica comunista al liberalismo y su concepto de comunidad -- La comunidad en sospecha
650 24 - SUBJECT ADDED ENTRY--TOPICAL TERM
Topical term or geographic name entry element Comunidades
9 (RLIN) 9288
650 24 - SUBJECT ADDED ENTRY--TOPICAL TERM
Topical term or geographic name entry element Desarrollo comunitario
9 (RLIN) 9289
650 24 - SUBJECT ADDED ENTRY--TOPICAL TERM
Topical term or geographic name entry element Vida comunitaria
9 (RLIN) 9290
942 ## - ADDED ENTRY ELEMENTS (KOHA)
Source of classification or shelving scheme Dewey Decimal Classification
Koha item type Books
Existencias
Withdrawn status Lost status Source of classification or shelving scheme Materials specified (bound volume or other part) Damaged status Not for loan Home library Current library Shelving location Date acquired Source of acquisition Full call number Barcode Date last seen Copy number Price effective from Koha item type
    Dewey Decimal Classification Donación--15/04/2018--     Biblioteca Pública José María del Castillo y Rada Biblioteca Pública José María del Castillo y Rada General Stacks 11/28/2019 Donación 370.115 / T693r 201809569 05/16/2024 Ej.1 11/28/2019 Books